Statistiken für Bezirke der Schweiz

Klicken Sie hier um das Quiz zu spielen!

Allgemein

  • Dieses Quiz wurde 60 mal gespielt
  • Das Durchschnittsergebnis liegt bei 57 aus 152

Antwortstatistiken

HintAntwort% Korrekt
KantonBern
90%
Bezirk | KantonZürich
86%
KantonLuzern
74%
Kanton | WahlkreisSt. Gallen
74%
KantonBasel-Stadt
72%
BezirkLausanne
70%
BezirkSaane/Sarine
70%
KantonSchaffhausen
70%
Bezirk | KantonSchwyz
70%
BezirkWinterthur
70%
KantonAargau
68%
KantonFreiburg
68%
Bezirk | KantonSolothurn
68%
KantonBasel-Landschaft
66%
VerwaltungskreisThun
66%
KantonUri
66%
BezirkAarau
64%
KantonGraubünden
64%
KantonZug
64%
KantonGlarus
62%
KantonJura
62%
KantonNidwalden
62%
KantonObwalden
62%
VerwaltungskreisBiel/Bienne
60%
BezirkOlten
60%
RegionPlessur
60%
KantonThurgau
60%
BezirkSion
58%
KantonWallis
58%
BezirkBaden
56%
BezirkFrauenfeld
52%
BezirkLugano
52%
KantonNeuchâtel
52%
BezirkSee/Lac
52%
BezirkUster
52%
RegionPrättigau/Davos
50%
BezirkRiviera-Pays-d'Enhaut
50%
BezirkBellinzona
48%
BezirkBrig
48%
KantonGenève
48%
BezirkJura-Nord vaudois
48%
BezirkLiestal
48%
WahlkreisWil
48%
KantonAppenzell Innerrhoden
46%
BezirkBülach
46%
VerwaltungskreisEmmental
46%
VerwaltungskreisInterlaken-Oberhasli
46%
KantonTicino
46%
KantonVaud
46%
KantonAppenzell Ausserrhoden
44%
BezirkHorgen
44%
BezirkKreuzlingen
44%
BezirkMeilen
44%
WahlkreisSarganserland
44%
BezirkDelémont
42%
BezirkDietikon
42%
BezirkNyon
42%
BezirkEinsiedeln
40%
BezirkHöfe
40%
BezirkLaufen
40%
BezirkLocarno
40%
BezirkThal
40%
BezirkAffoltern
38%
BezirkMartigny
38%
BezirkZofingen
38%
BezirkAndelfingen
36%
BezirkBrugg
36%
BezirkLebern
36%
BezirkLenzburg
36%
BezirkMonthey
36%
BezirkPfäffikon
36%
BezirkRheinfelden
36%
BezirkVisp
36%
BezirkWeinfelden
36%
BezirkGruyère
34%
BezirkSiders
34%
WahlkreisSursee
34%
WahlkreisWerdenberg
34%
BezirkArbon
32%
RegionEngiadina Bassa/Val Müstair
32%
RegionLandquart
32%
RegionSurselva
32%
BezirkDielsdorf
30%
WahlkreisEntlebuch
30%
BezirkGoms
30%
BezirkKüssnacht
30%
BezirkMorges
30%
WahlkreisRheintal
30%
BezirkGäu
28%
BezirkHinwil
28%
BezirkMendrisio
28%
BezirkMuri
28%
BezirkSissach
28%
WahlkreisToggenburg
28%
BezirkZurzach
28%
RegionBernina
26%
BezirkBremgarten
26%
BezirkMarch
26%
BezirkLeuk
24%
WahlkreisRorschach
24%
BezirkAigle
22%
BezirkBroye
22%
BezirkDorneck
22%
BezirkGösgen
22%
BezirkLaufenburg
22%
VerwaltungskreisOberaargau
22%
WahlkreisWillisau
22%
VerwaltungskreisBerner Jura
20%
VerwaltungskreisBern-Mittelland
20%
BezirkSense
20%
RegionAlbula
18%
BezirkArlesheim
18%
BezirkGlâne
18%
RegionImboden
18%
BezirkOuest lausannois
18%
BezirkPorrentruy
18%
VerwaltungskreisFrutigen-Niedersimmental
16%
BezirkGersau
16%
WahlkreisHochdorf
16%
BezirkKulm
16%
WahlkreisLuzern-Stadt
16%
RegionMaloja
16%
VerwaltungskreisObersimmental-Saanen
16%
WahlkreisSee-Gaster
16%
VerwaltungskreisSeeland
16%
RegionViamala
16%
BezirkBroye-Vully
14%
BezirkConthey
14%
WahlkreisLuzern-Land
14%
BezirkBucheggberg
12%
BezirkGros-de-Vaud
12%
BezirkHérens
12%
BezirkMünchwilen
12%
BezirkWaldenburg
12%
BezirkWasseramt
12%
BezirkLeventina
10%
RegionMoesa
10%
BezirkÖstlich Raron
10%
BezirkWestlich Raron
10%
BezirkBlenio
8%
BezirkEntremont
8%
BezirkFranches-Montagnes
8%
BezirkLavaux-Oron
8%
BezirkRiviera
8%
BezirkSaint-Maurice
8%
BezirkThierstein
8%
BezirkVeveyse
8%
BezirkVallemaggia
6%

Verteilung der Resultate

Perzentil nach korrekt beantworteten Fragen

Anzahl Personen mit jedem Resultat

Ihre Resultats-Entwicklung

Sie haben dieses Quiz noch nicht gespielt